LIBRARY & INFORMATION CENTRE, KCAET, TAVANUR

ONLINE PUBLIC ACCESS CATALOGUE (OPAC)

Fluid mechanics through problems / (Record no. 7252)

MARC details
000 -LEADER
fixed length control field 00556cam a2200229ua 4500
020 ## - INTERNATIONAL STANDARD BOOK NUMBER
ISBN 81-224-0106-6
041 ## - LANGUAGE CODE
Language code of text/sound track or separate title eng
082 ## - DEWEY DECIMAL CLASSIFICATION NUMBER
Classification number 532
Item number GAR/FL
100 ## - MAIN ENTRY--AUTHOR NAME
Personal name Garde, R J .
245 ## - TITLE STATEMENT
Title Fluid mechanics through problems /
250 ## - EDITION STATEMENT
Edition statement 2 /
260 ## - PUBLICATION, DISTRIBUTION, ETC. (IMPRINT)
Place of publication New Delhi :
Name of publisher Wiley Eastern Ltd ,
Year of publication 1992.
300 ## - PHYSICAL DESCRIPTION
Number of Pages 660 ; .
500 ## - GENERAL NOTE
General note *CSS
942 ## - ADDED ENTRY ELEMENTS (KOHA)
Koha item type Books
Holdings
Withdrawn status Lost status Damaged status Home library Current library Shelving location Date acquired Full call number Accession Number Koha item type
      KAUAET KAUAET Scheme 26/07/2018 532 GAR/FL 18256 Book Bank scheme for SC students
      KAUAET KAUAET Scheme 26/07/2018 532 GAR/FL 16813 Book Bank scheme for SC students
      KAUAET KAUAET Scheme 26/07/2018 532 GAR/FL 16814 Book Bank scheme for SC students
free website counter